LEADER 01480nam a2200325 a 4500 001 000000123013 003 CaOOAMICUS 005 20100916152539.0 008 100916t2010 it u000 u ita r 020 $a978-88-10-80935-8 040 $aPUL$bita$dReb 082 04$a371.1 100 1 $aCursio, Giuseppe.$0(OLS)http://pul/name/77351 245 12$aL'educatore educato :$bpromuovere e motivare alla relazione e all'apprendimento /$cGiuseppe Cursio, Massimo Diana, Franca Feliziani Kannheiser. 260 $aBologna :$bEDB,$c©2010. 300 $a241 p. ;$c21 cm 490 1 $aPersona e psiche 504 $aBibliografia in nota. 650 4$aEducatori$xFormazione professionale.$0(OLS)http://pul/subject/20382 650 4$aEducazione.$0(OLS)http://pul/subject/4579 700 1 $aFeliziani, Kannheiser, Franca.$0(OLS)http://pul/name/77353 700 1 $aDiana, Massimo.$0(OLS)http://pul/name/77352 830 0$aPersona e psiche.$0(OLS)http://pul/title/71869 850 $aPUL 852 $aPUL$W1$xSL Diritto e Scienze Sociali 3$y79$m371. 1 CURGI 1$j141289$qDDC 21$B140353$CPULBib$Z2$F140353 $H114676 $82 941 1 $a9 996 $6020$a978-88-10-80935-8$9(OLS)http://pul/number/145376 996 $6082$a371.1$9(OLS)http://pul/classification/729 996 $6245$aL'educatore educato :$bpromuovere e motivare alla relazione e all'apprendimento$9(OLS)http://pul/title/155040 996 $6260$aBologna :$bEDB$9(OLS)http://pul/publisher/56073 LEADER 01051nam a2200265 a 4500 001 000000164300 003 CaOOAMICUS 005 20171117115901.0 008 171117s1988 it m 000 u spa r 032 $aLibriCat 040 $aPUL$bita 100 1 $aGoya, Benito.$0(OLS)http://pul/name/35321 245 13$aEl caracter cultual de la vida moral /$cBenito Goya, ocd. 260 $aRoma :$b[s.n.],$c1988. 300 $a103 p. ;$c24 cm. 502 $aEstratto da tesi. Pontificia Facultas Theologica. Teresianum. 1988. 504 $aBibliografia in nota a pič pagina. 650 4$aMorale cristiana.$0(OLS)http://pul/subject/33527 710 2 $aTeresianum.$kTesi.$0(OLS)http://pul/name/6101 850 $aPUL 852 $aPUL$W1$xDP1 Tesi Pon. Fac. Teresianum$y48$mTH TER 85$j188422$qTesi$B191585$CPULBib$Z2$F191585 $H70313 $82 941 1 $a16 996 $6245$aEl caracter cultual de la vida moral$9(OLS)http://pul/title/203982 996 $6260$aRoma :$b[s.n.]$9(OLS)http://pul/publisher/47958